000 01544nam a2200481 i 4500
001 44439
003 KOSZ 005
005 20260417063321.0
008 000714s2000 pl a |000 0 pol
015 _aUWD 2000/13160
020 _a8321341357
035 _a991014310169705066
035 _a(PL-WaBN)b13842808-48omnis_nlop
035 _ab13842808
035 _a(OCoLC)749356636
035 _azz2004887491
035 _acc2000026545
035 _a(PL)b0000001384280
035 _a(EXLNZ-48OMNIS_NETWORK)9910300453705606
040 _aWA N
_cWA N
_dKOSZ 005/HR
041 0 _apol
046 _k2000
080 _a7.03(091)
080 _a(03)
245 0 0 _aSztuka świata.
_nT. 13,
_pLeksykon L-Z /
_c[aut. haseł Tadeusz Barucki et al. ; red. naukowa Andrzej Dulewicz].
260 _aWarszawa :
_b"Arkady",
_ccop. 2000.
300 _a426, [2] s. :
_bil. kolor. ;
_c30 cm.
336 _aTekst
_btxt
_2rdacontent
337 _aBez urządzenia pośredniczącego
_bn
_2rdamedia
338 _aWolumin
_bnc
_2rdacarrier
380 _aKsiążki
388 _a1901-2000
388 _a1989-2000
650 7 _aHistoria sztuki
_2DBN
655 7 _aEncyklopedia
_2DBN
658 _aKultura i sztuka
700 1 _aBarucki, Tadeusz
_d(1922-2022)
_eAutor
700 1 _aDulewicz, Andrzej
_eRedakcja
710 2 _aWydawnictwo Arkady
_4pbl
856 _uhttp://koha.tu.koszalin.pl/cgi-bin/koha/opac-detail.pl?biblionumber=44439
_yKatalog online BPK
942 _2UKD
_cKS
999 _c44439
_d44439